20 najmiejszych państw pod względem ludności - Statystyki

Ogólne statystyki
  • Ten quiz został rozwiązany 28 razy
  • Średni wynik to 13 z 20
Statystyki odpowiedzi
Odpowiedź % Poprawnych
800 Watykan
100%
34000 San Marino
88%
80000 Andora
85%
39000 Liechtenstein
85%
39000 Monako
81%
18000 Palau
81%
12000 Nauru
69%
60000 Wyspy Marshalla
69%
200000 Samoa
65%
105000 Tonga
65%
48000 Saint Kitts i Nevis
62%
11000 Tuvalu
62%
125000 Grenada
58%
130000 Kiribati
58%
115000 Mikronezja
58%
180000 Saint Lucia
58%
100000 Antigua i Barbuda
54%
72000 Dominika
46%
110000 Saint Vincent i Grenadyny
46%
108000 Seszele
46%
Nie znaleziono quizów pasujących do podanych kryteriów
Rozkład punktacji
Procent ludzi z każdym wynikiem
Percentyl według liczby udzielonych odpowiedzi
Twoja historia wyników
Nie rozwiązałeś tego quizu